| 000 | 00457nam a22001697a 4500 | ||
|---|---|---|---|
| 003 | BD-DhUL | ||
| 005 | 20191010152553.0 | ||
| 008 | 190722s1992 xx ||||| |||| 00| 0 urd d | ||
| 040 |
_aBD-DhUL _cBD-DhUL |
||
| 082 |
_a954.025 _bKAA |
||
| 100 | 1 | _aکاوش، اکرام | |
| 245 | 1 | 0 |
_aاذکار میسور / _cاکرام کاوش _b |
| 260 |
_a: _b، _c۔۱۹۹۲ |
||
| 300 |
_aص۔ ۱۰۴ ؛ _c۲۲ سم۔ |
||
| 650 | 4 | _aIndia - History | |
| 942 |
_2ddc _cBK |
||
| 999 |
_c250262 _d250262 |
||